Dadogva ; Szemmel verő ; Pietá [versek] /

Elmentve itt :
Bibliográfiai részletek
Szerző: Hervay Gizella
Dokumentumtípus: Cikk
Megjelent: 1973
Sorozat:Tiszatáj 27 No. 2
Kulcsszavak:Magyar irodalom - Erdély - vers
Online Access:http://tiszataj.bibl.u-szeged.hu/7741
LEADER 00597nab a2200181 i 4500
001 tisza7741
005 20200330134020.0
008 170509s1973 hu o 0|| hun d
022 |a 0133-1167 
040 |a SZTE Tiszatáj Archívum  |b hun 
041 |a hun 
100 1 |a Hervay Gizella 
245 1 0 |a Dadogva ; Szemmel verő ; Pietá   |h [elektronikus dokumentum] :  |b [versek] /  |c  Hervay Gizella 
260 |c 1973 
300 |a 13-14 
490 0 |a Tiszatáj  |v 27 No. 2 
695 |a Magyar irodalom - Erdély - vers 
856 4 0 |u http://tiszataj.bibl.u-szeged.hu/7741/1/tiszataj_1973_002_013-014.pdf  |z Dokumentum-elérés